Undang-undang perdagangan Malaysia / (Record no. 1829)
[ view plain ]
| 000 -LEADER | |
|---|---|
| fixed length control field | nam a22 a 4500 |
| 003 - CONTROL NUMBER IDENTIFIER | |
| control field | AKMAL |
| 005 - DATE AND TIME OF LATEST TRANSACTION | |
| control field | 20170512100613.0 |
| 008 - FIXED-LENGTH DATA ELEMENTS--GENERAL INFORMATION | |
| fixed length control field | 170512s1986 my 00 may d |
| 020 ## - INTERNATIONAL STANDARD BOOK NUMBER | |
| International Standard Book Number | 967925142x |
| 040 ## - CATALOGING SOURCE | |
| Original cataloging agency | AKMAL |
| Transcribing agency | AKMAL |
| 082 04 - DEWEY DECIMAL CLASSIFICATION NUMBER | |
| Classification number | 346.1 AUN |
| 090 00 - LOCALLY ASSIGNED LC-TYPE CALL NUMBER (OCLC); LOCAL CALL NUMBER (RLIN) | |
| Classification number (OCLC) (R) ; Classification number, CALL (RLIN) (NR) | 346.1 |
| Local cutter number (OCLC) ; Book number/undivided call number, CALL (RLIN) | AUN |
| 100 0# - MAIN ENTRY--PERSONAL NAME | |
| Personal name | Wu, Min Aun |
| 9 (RLIN) | 3693 |
| 245 10 - TITLE STATEMENT | |
| Title | Undang-undang perdagangan Malaysia / |
| Statement of responsibility, etc. | Wu Min Aun & Beatrix Vohrah |
| 260 ## - PUBLICATION, DISTRIBUTION, ETC. | |
| Place of publication, distribution, etc. | Kuala Lumpur : |
| Name of publisher, distributor, etc. | Heinemann(M), |
| Date of publication, distribution, etc. | 1986 |
| 300 00 - PHYSICAL DESCRIPTION | |
| Extent | xxxv, 326ms. ; |
| Dimensions | 22cm |
| 650 #0 - SUBJECT ADDED ENTRY--TOPICAL TERM | |
| Topical term or geographic name entry element | Commercial law |
| Geographic subdivision | Malaysia |
| 9 (RLIN) | 3703 |
| 700 1# - ADDED ENTRY--PERSONAL NAME | |
| Personal name | Vohrah, Beatrix |
| 9 (RLIN) | 3726 |
| 942 ## - ADDED ENTRY ELEMENTS (KOHA) | |
| Source of classification or shelving scheme | |
| Koha item type | Book |
| Withdrawn status | Lost status | Source of classification or shelving scheme | Damaged status | Not for loan | Collection code | Home library | Current library | Shelving location | Date acquired | Inventory number | Total Checkouts | Full call number | Barcode | Date last seen | Price effective from | Koha item type |
|---|---|---|---|---|---|---|---|---|---|---|---|---|---|---|---|---|
| NON-FICTION | AKMAL Melaka | AKMAL Melaka | PINJAMAN | 12.05.2017 | 300121 | 346.1 AUN | 201705768 | 12.05.2017 | 12.05.2017 | Book |
